01429aab a2200361 a 4500003000900000008004100009040001800050041001300068044000700081080001100088092000900099245002700108260003600135300004900171505002900220505011400249505005300363505007400416505008400490505007500574505011200649650003800761653001700799653001200816700003000828773008600858908000800944930001400952942001300966945002000979980005100999999001701050AR-RoUNA140529||||||||||||||||| |||| 0|||| d aAR-RoUNAbspa aspaaeng aag a72.036 lON5813aOn Diseño /nNº 135 aBarcelona :bOn Diseño,c1996 a249 p. :bdib.bfot. col.bplantasc29x24 cm0 tCOMUNICACIÓN GRÁFICA0 aPrograma de identidad institucional del Quinto Centenario del Descubrimiento Cruz Novillo & Asociados. p. 1040 tPREMIOS FAD DE ARQUITECTURA E INTERIORISMO (Y 2)0 aMiralles Enric y Pinós Carme/ Parque cementerio de Igualdada.p. 1100 aF. Rius, J M. Gil. M Brullet y E. Bonell/ Centro penitenciario de Brians. p.1220 aPujol Ramon y Garcia Julia / Colección Barbie de Alta costura. p 1340 aRius Francesc/ Mateos Josep Lluis con Vicente Guallart / Vivienda unifamiliar en Bolvir. (Cerdanya). p. 138 aArquitectura contemporanea912621 aExposiciones aPremios1 aLlopis, Carmeedrt912622 aOn DiseñodBarcelona, AramEdiciones S.A, 1996gNº135 ( 1998). p.250x0210-2080 aImp c170e6916 2udccART aMBPd2019-02-20 86gMirna Bonanno Potro66aMirna Bonanno Potro c12134d12134